Die bekanntesten Transferströme zwischen Hoffenheim und Freiburg - Statistiken

Allgemein
  • Dieses Quiz wurde 27 mal gespielt
  • Das Durchschnittsergebnis liegt bei 6 aus 10
Antwortstatistiken
Saison Abgebender Verein Aufnehmender Verein Position Ablöse in € Spielername % Korrekt
2015/2016 Hoffenheim Freiburg Linksaußen 1.000.000 Grifo
96%
2018/2019 Hoffenheim Freiburg Linksaußen Leihe 600.000 Grifo
96%
2019/2020 Hoffenheim Freiburg Linksaußen 7.000.000 Grifo
96%
2014/2015 Freiburg Hoffenheim Torwart 5.500.000 Baumann
92%
2023/2024 Hoffenheim Freiburg Innenverteidiger Leihe Szalai
77%
2015/2016 Freiburg Hoffenheim Rechtes MF 3.500.000 Schmid
46%
2017/2018 Hoffenheim Freiburg Hängende Spitze 2.500.000 Terrazzino
23%
2016/2017 Hoffenheim Freiburg Zentrales MF 2.000.000 Haberer
15%
2011/2012 Freiburg Hoffenheim Defensives MF 200.000 Williams
8%
2015/2016 Hoffenheim Freiburg Linksaußen Leihe Mees
4%
Keine übereinstimmenden Quizze gefunden
Verteilung der Resultate
Anzahl Personen mit jedem Resultat
Perzentil nach korrekt beantworteten Fragen
Ihre Resultats-Entwicklung
Sie haben dieses Quiz noch nicht gespielt